| 000 | 00443nam a2200109Ia 4500 | ||
|---|---|---|---|
| 008 | 171204s9999 xx 000 0 und d | ||
| 245 | _aFrom Corporate to Social Media: Critical Perspectives on Corporate Social Responsibility in Media and Communication Industries: | ||
| 245 | _cMarisol Sandoval | ||
| 260 | _c2014 | ||
| 650 | _xCORPORATE COMMUNICATION | ||
| 856 | _uhttp://down.ebook777.com/026/FroCorToSocMedCriPerOnCorSocResInMedAndComInd.pdf | ||
| 999 |
_c346041 _d346041 |
||